[Event "New Zealand Open Ch'p 2015"]
[Site "Devonport, Auckland"]
[Date "2015.01.09"]
[Round "9.11"]
[White "Garbett, Paul A"]
[Black "Louie, Ryan"]
[Result "1-0"]
[WhiteElo "2264"]
[BlackElo "1927"]
[PlyCount "85"]
[EventDate "2015.01.01"]
[EventType "swiss"]
[EventRounds "9"]
[SourceDate "2015.02.09"]

1. e4 c5 2. Nf3 Nc6 3. Bb5 d6 4. O-O Bd7 5. Re1 e5 6. c3 g6 7. d4 cxd4 8. cxd4
Bg7 9. dxe5 Nxe5 10. Nc3 Nxf3+ 11. Qxf3 Bxb5 12. Nxb5 a6 13. Nc3 Ne7 14. Bf4
Nc6 15. Nd5 O-O 16. Qa3 Nd4 17. Rac1 Nb5 18. Qb4 Re8 {Diagram #} 19. a4 $5 (19.
Be3 $1 {Is a more controlled way of exploiting the weak dark squares on the
queenside, but the move played initiates some very entertaining complications})
19... Nd4 20. Nc7 Ne6 21. Nxe8 Nxf4 22. Nxg7 Qg5 23. g3 {Diagram #} Ne2+ $1 24.
Rxe2 Qxc1+ 25. Re1 {Diagram # Black's hopes rest on the trapped nature of
White's extra piece, but rounding up that piece inevitably involves making
some serious concessions} Qc6 $2 {This is a little submissive} (25... Qc5 $5
26. Qxb7 Ra7 $1 {is a surprising computer resource, Black concedes a pawn but
the situation remains complicated enough for a real fight}) (25... a5 $5 {
is another idea}) 26. Qd4 (26. Nf5 $1) 26... Qc5 $1 27. Rd1 (27. Qf6 Qe5) 27...
Qxd4 28. Rxd4 Kxg7 29. Rxd6 {Diagram # The smoke has cleared. Al least Black
hasn't weakened his pawn structure, but Paul has one healthy extra pawn and a
half a move development advantage in an otherwise symmetrical rook and pawn
ending. For a player of Paul's experience and class the result seems
inevitable} Re8 30. f3 Rc8 31. Rb6 Rc7 32. h4 f6 33. Kf2 h5 34. Ke3 Kf7 35. f4
Ke7 36. e5 fxe5 37. fxe5 Rc6 38. Rxc6 bxc6 39. b4 Ke6 40. Ke4 Ke7 41. Kd4 Ke6
42. Kc5 Kxe5 43. Kxc6 1-0

[Event "New Zealand Open Ch'p 2015"]
[Site "Devonport, Auckland"]
[Date "2015.01.09"]
[Round "9.14"]
[White "Morrell, Gordon"]
[Black "Zulfic, Fedja"]
[Result "1-0"]
[WhiteElo "2147"]
[BlackElo "2114"]
[PlyCount "97"]
[EventDate "2015.01.01"]
[EventType "swiss"]
[EventRounds "9"]
[SourceDate "2015.02.09"]

1. d4 Nf6 2. c4 c5 3. d5 b5 4. cxb5 a6 5. b6 a5 6. Nc3 Ba6 7. Nf3 g6 8. Nd2
Qxb6 9. e4 Bxf1 10. Kxf1 d6 11. Qa4+ Nbd7 12. Qb5 Bg7 13. a4 O-O 14. Nc4 Qa7
15. Qb3 Qa6 16. Nb5 Nb6 17. f3 Nxc4 18. Qxc4 Nd7 19. Qe2 Nb6 20. Bg5 Rfb8 21.
Bxe7 Nxa4 22. Bxd6 Rxb5 23. Rxa4 Rxb2 24. Qxa6 Rxa6 25. Bg3 Rc2 26. Be1 Rc1 27.
Ke2 Rb6 {Diagram # Yes, your suspicions are correct, this exciting and double
edged position did arise from the Benko Gambit. The rather bewildering
complications that follow are difficult to understand even with computer
assistance. Indeed the editor felt compelled to (temporarily?) abandon his
beloved Houdini (old free version) and seek assistance from the up to date
powerhouse that is Stockfish instead.Yes, your suspicions are correct, this
exciting and double edged position did arise from the Benko Gambit. The rather
bewildering complications that follow are difficult to understand even with
computer assistance. Indeed the editor felt compelled to (temporarily?)
abandon his beloved Houdini (old free version) and seek assistance from the up
to date powerhouse that is Stockfish instead.} 28. f4 $2 {
This thematic move is a little too optimistic in this particular situation} (
28. Ra2 $1 {is prudent and correct}) 28... Rb2+ 29. Kf3 Rb3+ $2 (29... Bc3 $1 {
wins}) 30. Ke2 Rc2+ 31. Kf1 Rb1 (31... Bd4 $1 {
First, threatening Rb1 and Rf2+ wins}) 32. e5 $1 {
Diagram # Just in time, White blocks out the bishop (See diagram, next column)}
Rb4 $2 {This sacrificial idea doesn't quite work, and as a result the tables
turn, with White on top for the rest of the game. Black has many better moves,
best was 32...f6! seeking to break the central phalanx. Presumably Black was
playing to win and so avoided the obvious} (32... Rxe1+ 33. Kxe1 Rc1+ 34. Ke2
Rxh1 {Various versions of this ending are an ever- present possibility in what
follows. Despite Black's extra piece the strong passed d pawn seems to
guarantee White a draw in most versions, including this one. Later we will
encounter some versions where White has the winning chances, signalling that
something has gone badly wrong for Black.}) 33. Bxb4 cxb4 {Diagram # Black
seems to have plenty of compensation, the b pawn is dangerous, and White's
king is weak. Black has to decide whether he has time to win the h1 rook and
White has to decide if he has time to protect it with g3/g4 or Rg1.} 34. Rxa5 (
34. d6 $1 {Is the computer's choice, although after} Bf8 35. g4 b3 36. Rxa5 b2
37. Rb5 f6 38. d7 Be7 39. e6 Bd8 40. Rb8 Kg7 41. f5 g5 {Diagram # My (old)
version of Houdini signals a winning position for White but actually then
fails to make progress, Black seems to have an unbreachable fortress! However
that's not the end of the road after all. Stockfish does seem to find a way to
break Black down, ever so slowly. I will leave this as an exercise for the
reader.}) 34... b3 35. Ra8+ Bf8 36. Rg1 Kg7 (36... b2 $1 {
Forces another version of the drawn piece-up ending after} 37. Rb8 Rc1+ 38. Kf2
b1=Q 39. Rxb1 Bc5+ 40. Kf3 Rxg1) 37. d6 f6 $2 {Now this is too weakening} (
37... b2 38. Rb8 Rc1+ 39. Kf2 Rc2+ 40. Kf3 Rc1 41. Rxb2 Rxg1 42. Rd2 {
is an inferior (for Black) version of the piece-up ending - White has winning
chances but at least Black is stillalive}) 38. Rb8 $2 {
Missing a golden opportunity for a simple resolution:} (38. exf6+ $1 {eg} Kxf6
39. Rxf8+ Ke6 40. Re8+ Kxd6 41. Re2 b2 42. Kf2) 38... fxe5 39. fxe5 b2 {
Diagram #} 40. Ke1 $2 {This is the right idea, trying to get the rook to the f
file, but unfortunately it allows Rc1+. In a practical game, no doubt in time
trouble, White can hardly be criticised but for the record there is an
accurate, subtle path to victory. First} (40. Rb7+ $1 Kg8 {and then} 41. g4 $1
{creating a path to h1 via g2 for the king. White now threatens Ke1, for
example if Black waits with} Kh8 {then} (41... Rc1+ {of course doesn't work}
42. Kg2 Rc2+ 43. Kh1) 42. Ke1 $1 {since if} Rc1+ 43. Kf2 Rc2+ 44. Kf3 Rc1 45.
Kg2 $1 Rc2+ 46. Kh1) 40... Kf7 $2 {
Falling in with White's plan, this is the final error} (40... Rc1+ 41. Kf2 Rc2+
42. Ke3 Rc1 {with drawing chances}) 41. Rf1+ Ke6 42. Rfxf8 Rc1+ 43. Kf2 b1=Q
44. Rxb1 Rxb1 45. Re8+ Kd7 46. Re7+ Kd8 47. Rxh7 Rb5 48. e6 Rf5+ 49. Kg3 1-0

[Event "New Zealand Open Ch'p 2015"]
[Site "Devonport, Auckland"]
[Date "2015.01.09"]
[Round "9.13"]
[White "McLaren, Leonard J"]
[Black "Dowden, R Anthony"]
[Result "1-0"]
[WhiteElo "2210"]
[BlackElo "2108"]
[PlyCount "35"]
[EventDate "2015.01.01"]
[EventType "swiss"]
[EventRounds "9"]
[SourceDate "2015.02.09"]

1. e4 e6 2. d4 d5 3. Nc3 Bb4 4. Nge2 Nf6 5. e5 Nfd7 6. f4 c5 7. a3 Bxc3+ 8.
Nxc3 cxd4 9. Nb5 O-O 10. Nxd4 Nc6 11. Be3 Qh4+ 12. g3 Qe7 13. Bg2 f6 14. O-O
fxe5 {Diagram #} 15. Nxe6 $1 Qxe6 {
This is obviously hopeless but the knight is rampaging} (15... Rf5 16. Nc7 Rb8
17. Nxd5) 16. Bxd5 Nf6 17. Bxe6+ Bxe6 18. fxe5 1-0

[Event "New Zealand Open Ch'p 2015"]
[Site "Devonport, Auckland"]
[Date "2015.01.08"]
[Round "8.53"]
[White "Barry, Jacob"]
[Black "Li, Leo Xiang Yu"]
[Result "1/2-1/2"]
[WhiteElo "965"]
[BlackElo "955"]
[PlyCount "56"]
[EventDate "2015.01.01"]
[EventType "swiss"]
[EventRounds "9"]
[SourceDate "2015.02.09"]

1. e4 e5 2. Nf3 Nc6 3. Bb5 a6 4. Ba4 Bc5 5. Qe2 Nb4 6. Nxe5 Qg5 7. Ng4 b5 8.
Bb3 d6 9. h3 Ne7 10. O-O Qh5 11. Nf6+ gxf6 12. Qxh5 Ng6 13. c3 Nd3 14. Qd5 Ngf4
15. Qxf7+ Kd8 16. Qxf6+ Kd7 17. Qxh8 Nxc1 18. Bf7 Bb7 19. Qxh7 Nce2+ 20. Kh1
Rf8 21. Bd5+ Kc8 22. Qe7 Rh8 23. Bxb7+ Kxb7 24. e5 {
Diagram # White has a huge material advantage, but...} Nxh3 $1 25. gxh3 $2 ({
Suprisingly enough, White can still win} 25. g3 $1 Nhf4+ 26. Qh4 Rxh4+ 27. gxh4
{And White still has enough extra bits to win comfortably}) 25... Rxh3+ 26. Kg2
Nf4+ 27. Kg1 Ne2+ 28. Kg2 Nf4+ 1/2-1/2

[Event "New Zealand Open Ch'p 2015"]
[Site "Devonport, Auckland"]
[Date "2015.01.08"]
[Round "8.19"]
[White "Zulfic, Fedja"]
[Black "Gong, Daniel Hanwen"]
[Result "1-0"]
[WhiteElo "2114"]
[BlackElo "1870"]
[PlyCount "47"]
[EventDate "2015.01.01"]
[EventType "swiss"]
[EventRounds "9"]
[SourceDate "2015.02.09"]

1. e4 c5 2. Nf3 e6 3. d4 cxd4 4. Nxd4 a6 5. Bd3 d6 6. c4 Nd7 7. Nc3 Ngf6 8. O-O
Be7 9. Qe2 Qc7 10. f4 O-O 11. Bd2 b6 12. Rae1 Bb7 13. Kh1 Rfd8 14. b4 Rac8 15.
Nf3 Bf8 16. e5 Ne8 17. Ng5 h6 18. Qh5 Nb8 {
Diagram # A picture perfect attacking position} 19. Nxf7 $1 Qc6 (19... Qxf7 20.
Bh7+) 20. Nd5 $1 {A nice interference move. White threatens Qg6, Nxh6+ and Qh7
mate and Black can do nothing about it} exd5 21. Qg6 Nf6 22. exf6 dxc4 23.
Nxh6+ Kh8 24. Qh7# 1-0

[Event "New Zealand Open Ch'p 2015"]
[Site "Devonport, Auckland"]
[Date "2015.01.01"]
[Round "1.19"]
[White "Nicholls, Leighton"]
[Black "Zelesco, Karl"]
[Result "0-1"]
[WhiteElo "1757"]
[BlackElo "2210"]
[PlyCount "56"]
[EventDate "2015.01.01"]
[EventType "swiss"]
[EventRounds "9"]
[SourceDate "2015.02.09"]

1. e4 e6 2. d4 d5 3. Bd3 dxe4 4. Bxe4 Nf6 5. Bf3 c5 6. Ne2 Nc6 7. Be3 e5 8.
Bxc6+ bxc6 9. dxc5 Qxd1+ 10. Kxd1 Ng4 11. b4 a5 12. c3 Be6 13. Nd2 Be7 14. Kc2
O-O 15. a3 Rfd8 16. h3 Bf5+ 17. Kc1 Nxe3 18. fxe3 Bg5 19. Nf3 Bxe3+ 20. Kb2 Bd3
21. Ng3 {Diagram # A pair of knights on d3 and e3 are called "octupi", perhaps
bishops deserve a special name? White is quickly overwhelmed.} Bf2 22. Nf1 axb4
23. axb4 Rxa1 24. Kxa1 e4 25. Ne5 e3 26. Nh2 Be4 27. Nhf3 e2 28. Kb2 Rd1 0-1

[Event "New Zealand Open Ch'p 2015"]
[Site "Devonport, Auckland"]
[Date "2015.01.02"]
[Round "2.10"]
[White "Jule, Alexandra"]
[Black "Teh, Eu Wen Aron"]
[Result "0-1"]
[WhiteElo "1939"]
[BlackElo "2300"]
[PlyCount "30"]
[EventDate "2015.01.01"]
[EventType "swiss"]
[EventRounds "9"]
[SourceDate "2015.02.09"]

1. Nf3 Nf6 2. g3 e6 3. Bg2 d5 4. c4 dxc4 5. Qa4+ c6 6. Qxc4 b5 7. Qc2 Bb7 8. d4
Nbd7 9. Nc3 a6 10. Bg5 c5 11. O-O Qb6 12. dxc5 Bxc5 13. a4 b4 14. a5 {Diagram #
} Qc7 $1 {Suddenly the loose c-file is costing White a piece} 15. Bf4 Qc8 0-1

[Event "New Zealand Open Ch'p 2015"]
[Site "Devonport, Auckland"]
[Date "2015.01.02"]
[Round "2.14"]
[White "Rains, Edward"]
[Black "Croad, Nicholas"]
[Result "0-1"]
[WhiteElo "1973"]
[BlackElo "2254"]
[PlyCount "89"]
[EventDate "2015.01.01"]
[EventType "swiss"]
[EventRounds "9"]
[SourceDate "2015.02.09"]

1. e4 c5 2. Nc3 Nc6 3. f4 g6 4. Nf3 Bg7 5. Bb5 Nd4 6. O-O a6 7. Bc4 e6 8. a4
Ne7 9. d3 d5 10. Ba2 O-O 11. e5 Nec6 12. Nxd4 Nxd4 13. Ne2 Nxe2+ 14. Qxe2 b5
15. c3 bxa4 16. Bb1 d4 17. Bc2 Qb6 18. Bxa4 Rd8 19. Bd2 Rb8 20. Rfb1 dxc3 21.
bxc3 Qxb1+ 22. Rxb1 Rxb1+ 23. Kf2 Bb7 24. Be3 Bf8 25. Qc2 Rh1 26. Kg3 Ra1 27.
Bb3 Bd5 28. Qb2 Re1 29. Bf2 {Diagram # An interesting positional exchange
sacrifice, Black gets a pawn and a bind.} Bxb3 30. Bxe1 Rxd3+ 31. Kf2 c4 32.
Bd2 $2 (32. Qa1 {was essential - the 'a' pawn now turns into a monster}) 32...
a5 33. Bc1 a4 34. Qa1 Bc5+ 35. Ke2 Rd1 36. Qb1 a3 37. h4 Rg1 38. Kf3 a2 39. Qb2
Rf1+ 40. Kg3 h5 41. Kh3 Be3 42. Qa3 Rxc1 43. Qa8+ Kh7 44. Qf8 Rh1+ 45. Kg3 {
Black has only one (admittedly obvious) winning move (45...Bxf4+) but it would
seem sensible to wait for that move to appear on the board beforeresigning!}
0-1

[Event "New Zealand Open Ch'p 2015"]
[Site "Devonport, Auckland"]
[Date "2015.01.08"]
[Round "8.10"]
[White "Louie, Ryan"]
[Black "Ker, Anthony F"]
[Result "1/2-1/2"]
[WhiteElo "1927"]
[BlackElo "2302"]
[PlyCount "118"]
[EventDate "2015.01.01"]
[EventType "swiss"]
[EventRounds "9"]
[SourceDate "2015.02.09"]

1. d4 d6 2. e4 Nf6 3. Nc3 g6 4. f4 Bg7 5. Nf3 c5 6. Bb5+ Bd7 7. e5 Ng4 8. e6
Bxb5 9. exf7+ Kd7 10. Nxb5 Qa5+ 11. Nc3 cxd4 12. Nxd4 Bxd4 13. Qxd4 Nc6 14. Qd1
h5 15. h3 Nh6 16. Qd5 Qxd5 17. Nxd5 Nd4 18. Kd1 Rhf8 19. Re1 Rxf7 20. Be3 Nhf5
21. Bxd4 Nxd4 22. Re4 Nc6 23. Kd2 e6 24. Nc3 d5 25. Ra4 Raf8 26. Ne2 h4 27. Rd1
b5 28. Ra3 g5 29. fxg5 Rf2 30. Rf3 R8xf3 31. gxf3 Rxf3 32. g6 Ke7 33. Rg1 Kf8
34. g7+ Kg8 35. Rg6 Nd8 36. Rh6 Kxg7 37. Rxh4 Nc6 38. Rg4+ Kf6 39. Rf4+ Rxf4
40. Nxf4 Kf5 41. Ne2 e5 42. h4 a6 43. a3 Kg4 44. Nc3 Ne7 45. Kd3 Kxh4 {
Diagram #} 46. Nxd5 $1 {White forces a draw by sacrificing the knight for the
two central pawns. Black's offside King means he has no chance of avoiding the
loss or exchange of his remaining pawns.} Nxd5 47. Ke4 Kg4 48. Kxe5 Ne3 49. Kd4
Kf4 50. c3 Kf3 51. b3 Nc2+ 52. Kc5 Nxa3 53. Kb4 Nc2+ 54. Ka5 Ke4 55. Kxa6 Na3
56. Ka5 Kd3 57. Kb4 Kc2 58. c4 bxc4 59. bxc4 Nxc4 1/2-1/2

[Event "?"]
[Site "?"]
[Date "2015.04.03"]
[Round "?"]
[White "Layla Timergazi"]
[Black "Wei Kai Chen"]
[Result "1-0"]
[WhiteElo "2085"]
[BlackElo "1688"]
[PlyCount "69"]
[EventDate "2015.??.??"]
[SourceDate "2015.02.09"]

1. d4 Nf6 2. c4 e6 3. Nc3 Bb4 4. e3 c5 5. Nge2 {In the Rubinstein variation of
the Nimzo Indian, White aims to drove off the bishop without allowing her
c-pawns to be doubled.} b6 6. a3 Ba5 7. Bd2 {Most common is} (7. Rb1 {
trying to exploit the position of the black bishop.}) 7... O-O 8. Nf4 Bb7 9.
Bd3 d5 10. Nce2 $6 {The start of an inaccurate phase by both players. It was
necessary to exchange pawns first} (10. cxd5 exd5 11. Nce2) 10... Nc6 $6 {
Missing a tactical chance left open by White:} (10... Bxd2+ 11. Qxd2 g5 $1 {
winning a piece as} 12. Nh3 $2 ({Better is} 12. cxd5 $1 gxf4 13. dxe6 fxe3 14.
exf7+ Rxf7 15. fxe3 {
when White at least has some compensation with two pawns for the knight.})
12... dxc4 13. Bxc4 Bxg2 {forks knight and rook}) 11. Bxa5 $6 (11. cxd5 {
was better.}) 11... Nxa5 $6 (11... dxc4 $1 12. Bxc4 Nxa5 {gains time.}) 12.
cxd5 {Diagram #} c4 {Interesting was} (12... g5 $5 13. Nh3 (13. b4 $5 gxf4 14.
Nxf4 c4 15. Bc2 Nb3 {with a piece for three pawns and highly complex play.})
13... Qxd5 14. Rg1 cxd4 15. exd4 Rfd8 {stranding the white king in the centre.
The text gains a queenside pawn majority but relieves pressure on White's
centre.}) 13. Bc2 Nxd5 14. Nxd5 Qxd5 15. Nf4 Qg5 16. h4 $5 Qe7 {
White's last prefigured aggressive kingside action.} (16... Qb5 {
would have denied the white queen access to h5.}) 17. Qh5 g6 18. Qh6 e5 $1 {
A timely central counter stroke.} 19. dxe5 Qxe5 20. O-O-O $1 Be4 21. h5 g5 $2 {
Allowing a winning combination. Black's most convincing defence was} (21...
Nb3+ 22. Kb1 (22. Bxb3 $2 cxb3 {and White's king will quickly perish}) 22...
Bxc2+ 23. Kxc2 Qe4+ 24. Kc3 Qe5+ {with perpetual check after} 25. Kc2 ({as} 25.
Kxc4 $4 Qxb2 {will end badly for White's king})) 22. Rd5 $1 {Diagram #} Nb3+
23. Kb1 Bxc2+ 24. Ka2 $1 {
The key - White will regain the piece with a winning attack. Not} (24. Kxc2 $2
Qe4+ 25. Kc3 f6 {holding it together.}) 24... Qg7 25. Rxg5 Bg6 26. hxg6 hxg6 $6
{After} (26... Qxh6 27. gxf7+ Kh8 28. Rxh6 Rxf7 29. Rh4 $1 {
the threat of 30.Ng6+ wins more material. White is happy to keep queens on.})
27. Qh4 $1 Rfd8 28. Nh5 Qh8 29. Qxc4 Nc5 30. Rxg6+ Kf8 31. Rf6 {Diagram #} Qh7
{After the sterner} (31... Rd7 {White regroups to win the black queen:} 32. Rf5
$1 Rad8 33. Ng3 Qg8 34. Rfh5 Rd1 35. Rh8 {etc.}) 32. Nf4 Qg7 33. Ng6+ Ke8 34.
Rh8+ Kd7 35. Rxf7+ {Resigns} 1-0

[Event "ACC Waitangi Weekender 2015"]
[Site "?"]
[Date "2015.02.08"]
[Round "6.2"]
[White "Gibbons, Robert"]
[Black "Duneas, John"]
[Result "1-0"]
[WhiteElo "2064"]
[BlackElo "2180"]
[PlyCount "113"]
[EventDate "2015.03.12"]
[SourceDate "2015.02.09"]

1. d4 d5 2. c4 c6 3. e3 Nf6 4. Nc3 Bf5 5. Nf3 e6 6. Nh4 Bg4 7. f3 Bh5 8. g3 Bb4
{Not the most popular, certainly does not look like the right move either. To
me the Bishop belongs on d6.} 9. Bd2 O-O 10. Ng2 Bd6 11. Nf4 Bxf4 12. gxf4 Ne4
{Diagram #} 13. h4 {
This can't be right. White needed to remove the annoying Knight.} (13. Nxe4
dxe4 14. Be2 Qh4+ 15. Kf1 Qh3+ 16. Kf2 {
Black can take a draw (White never wants to play Kg1), or can try for more:}
Nd7 17. fxe4 Nf6 18. Bxh5 Nxe4+ 19. Kg1 Nxd2 20. Qxd2 Qxh5 {
This will probably end up a draw as well...}) 13... Ng3 {Wrong way} (13... Nxd2
14. Kxd2 c5 15. dxc5 d4 {
Black has an obvious advantage, just open lines to the White King.}) 14. Rh3
Nxf1 15. Kxf1 dxc4 16. Kf2 b5 17. Qg1 f6 18. Ne4 a5 19. Rg3 Qe7 20. Rc1 Kh8 21.
b3 cxb3 22. axb3 a4 23. Ra1 Nd7 {Diagram #} 24. bxa4 Rxa4 25. Rxa4 bxa4 26. Qc1
f5 27. Nc5 Nxc5 28. dxc5 {Diagram # Although a pawn up, Black has to be
careful to not end up with a horrible Bishop...} Rf6 29. Rg5 h6 30. Rg3 {
Diagram #} Rf7 (30... e5 31. fxe5 Rg6 32. Rxg6 Bxg6 33. Qc4 Qxe5 34. Bc3 Qh2+ {
The key point in this is White's unprotected King. Thing about opposite
coloured Bishops, they give the attacker an extra piece.} 35. Ke1 f4 36. Qxf4
Qg1+ 37. Ke2 Qg2+ 38. Ke1 Bd3 {
White has to sacrifice his Bishop to stay in the game, but is lost.}) 31. Bc3
Kh7 32. Qa3 Qa7 33. Rg1 Rd7 34. Ra1 Rd3 35. Qb4 Qe7 36. Rh1 Qd7 37. Rg1 {
Diagram #} g6 $2 {Black has lost his way, he needs to open up the game. White
now proceeds to convert.} (37... e5 38. Bxe5 (38. fxe5 Qd5 39. Qf4 Qa2+ 40. Kg3
Rxc3 41. Qxf5+ Bg6) 38... Rd2+ 39. Kg3 Qd5 40. Rf1 Qa2) 38. Bd4 a3 $4 {
Mistakes follow mistakes - Black has lost the thread.} 39. Ke2 Rxd4 40. Qxd4
Qb7 41. Rd1 Qb2+ 42. Qxb2 axb2 43. Rb1 g5 44. hxg5 hxg5 45. Rxb2 g4 46. fxg4
fxg4 47. Kf2 Bg6 48. Kg3 Be4 49. Kxg4 Kg6 50. Rd2 Kf6 51. Rd6 Kf7 52. Kg5 Ke7
53. Rd4 Bf3 54. Ra4 e5 55. fxe5 Ke6 56. Kf4 Be2 57. Rd4 1-0